[Event "The Irish Championship 2020"]
[Site "Colaiste Eanna, Dublin, Ireland"]
[Date "2020.08.05"]
[Round "5"]
[Board "1"]
[White "O'Donnell, Conor"]
[Black "O'Gorman, Tom"]
[Result "1/2-1/2"]
[WhiteElo "2304"]
[BlackElo "2345"]
[PlyCount "0"]
[EventDate "2020.08.01"]
[EventRounds "9"]
[EventCountry "IRL"]

1. d4 {[%clk 02:16:07]} {[%emt 00:00:01]} Nf6 {[%clk 02:16:06]} {[%emt
00:00:06]} 2. c4 {[%clk 02:16:34]} {[%emt 00:00:07]} g6 {[%clk 02:16:37]}
{[%emt 00:00:04]} 3. g3 {[%clk 02:16:38]} {[%emt 00:00:26]} c5 {[%clk
02:14:48]} {[%emt 00:02:28]} 4. Nf3 {[%clk 02:16:37]} {[%emt 00:00:35]} Bg7
{[%clk 02:15:07]} {[%emt 00:00:18]} 5. Bg2 {[%clk 02:16:42]} {[%emt 00:00:29]}
O-O {[%clk 02:14:58]} {[%emt 00:00:45]} 6. O-O {[%clk 02:16:37]} {[%emt
00:00:39]} d6 {[%clk 02:15:04]} {[%emt 00:00:29]} 7. Nc3 {[%clk 02:16:33]}
{[%emt 00:00:38]} Nc6 {[%clk 02:12:40]} {[%emt 00:03:02]} 8. dxc5 {[%clk
02:16:17]} {[%emt 00:00:50]} dxc5 {[%clk 02:13:09]} {[%emt 00:00:07]} 9. Be3
{[%clk 02:16:31]} {[%emt 00:00:19]} Qa5 {[%clk 01:59:34]} {[%emt 00:14:12]} 10.
Qa4 {[%clk 01:52:01]} {[%emt 00:25:03]} Qxa4 {[%clk 01:53:52]} {[%emt
00:06:18]} 11. Nxa4 {[%clk 01:52:32]} {[%emt 00:00:03]} b6 {[%clk 01:53:40]}
{[%emt 00:00:49]} 12. Rad1 {[%clk 01:24:52]} {[%emt 00:28:14]} Bf5 {[%clk
01:45:20]} {[%emt 00:16:03]} 13. Nc3 {[%clk 01:18:49]} Rac8 {[%clk 01:42:58]}
{[%emt 00:02:27]} 14. b3 {[%clk 01:12:15]} {[%emt 00:07:08]} Ng4 {[%clk
01:35:17]} {[%emt 00:08:16]} 15. Bd2 {[%clk 01:09:12]} {[%emt 00:03:37]} Rfd8
{[%clk 01:32:30]} {[%emt 00:03:24]} 16. h3 {[%clk 01:05:25]} {[%emt 00:04:20]}
Nge5 {[%clk 01:30:25]} {[%emt 00:02:42]} 17. Nxe5 {[%clk 01:04:47]} {[%emt
00:01:13]} Bxe5 {[%clk 01:28:40]} {[%emt 00:02:22]} 18. Nd5 {[%clk 00:52:16]}
{[%emt 00:13:05]} Bd7 {[%clk 01:19:48]} {[%emt 00:11:46]} 19. Bc3 {[%clk
00:43:05]} {[%emt 00:07:26]} Bxc3 {[%clk 01:03:09]} {[%emt 00:17:15]} 20. Nxc3
{[%clk 00:43:37]} {[%emt 00:00:03]} Nb4 {[%clk 00:53:46]} {[%emt 00:09:59]} 21.
Rd2 {[%clk 00:38:43]} {[%emt 00:05:27]} Bc6 {[%clk 00:51:50]} {[%emt 00:02:33]}
22. Rfd1 {[%clk 00:37:13]} {[%emt 00:02:03]} Rxd2 {[%clk 00:51:57]} 23. Rxd2
{[%clk 00:37:45]} {[%emt 00:00:32]} Bxg2 {[%clk 00:51:57]} {[%emt 00:00:35]} 24.
Kxg2 {[%clk 00:38:13]} {[%emt 00:00:04]} Rc7 {[%clk 00:51:16]} {[%emt
00:01:19]} 25. f4 {[%clk 00:32:27]} {[%emt 00:06:22]} Kf8 {[%clk 00:44:49]}
{[%emt 00:07:04]} 26. Rd8+ {[%clk 00:31:59]} {[%emt 00:01:02]} Kg7 {[%clk
00:45:22]} {[%emt 00:00:02]} 27. Kf2 {[%clk 00:31:01]} {[%emt 00:01:31]} Nc6
{[%clk 00:43:38]} {[%emt 00:02:22]} 28. Rd2 {[%clk 00:29:28]} {[%emt 00:02:07]}
Kf8 {[%clk 00:42:54]} {[%emt 00:01:19]} 29. e3 {[%clk 00:23:54]} {[%emt
00:06:08]} Ke8 {[%clk 00:40:07]} {[%emt 00:03:23]} 30. Ke2 {[%clk 00:24:24]}
{[%emt 00:00:05]} Rd7 {[%clk 00:39:46]} {[%emt 00:00:56]} 31. Nd5 {[%clk
00:24:01]} {[%emt 00:00:57]} f6 {[%clk 00:35:58]} {[%emt 00:04:23]} 32. g4
{[%clk 00:22:54]} {[%emt 00:01:42]} Kf7 {[%clk 00:35:04]} {[%emt 00:01:30]} 33.
Rb2 {[%clk 00:17:21]} {[%emt 00:06:07]} e6 {[%clk 00:33:30]} {[%emt 00:02:10]}
34. Nc3 {[%clk 00:17:51]} {[%emt 00:00:03]} h6 {[%clk 00:33:14]} {[%emt
00:00:53]} 35. Ne4 {[%clk 00:16:59]} {[%emt 00:01:27]} g5 {[%clk 00:28:28]}
{[%emt 00:05:20]} 36. Rd2 {[%clk 00:13:03]} {[%emt 00:04:31]} Rxd2+ {[%clk
00:27:25]} 37. Kxd2 {[%clk 00:13:35]} {[%emt 00:01:41]} Ke7 {[%clk 00:24:07]}
{[%emt 00:03:53]} 38. Nc3 {[%clk 00:12:30]} {[%emt 00:01:40]}  1/2-1/2

[Event "The Irish Championship 2020"]
[Site "Colaiste Eanna, Dublin, Ireland"]
[Date "2020.08.05"]
[Round "5"]
[Board "2"]
[White "Fitzsimons, David"]
[Black "Daly, Colm"]
[Result "0-1"]
[WhiteElo "2334"]
[BlackElo "2248"]
[PlyCount "0"]
[EventDate "2020.08.01"]
[EventRounds "9"]
[EventCountry "IRL"]

1. d4 {[%clk 02:16:02]} {[%emt 00:00:07]} Nf6 {[%clk 02:00:22]} {[%emt
00:15:47]} 2. c4 {[%clk 02:15:53]} {[%emt 00:00:43]} e6 {[%clk 02:00:10]}
{[%emt 00:00:47]} 3. Nc3 {[%clk 02:16:12]} {[%emt 00:00:16]} d5 {[%clk
01:58:03]} {[%emt 00:02:42]} 4. cxd5 {[%clk 02:16:25]} {[%emt 00:00:23]} exd5
{[%clk 01:58:09]} {[%emt 00:00:29]} 5. Bg5 {[%clk 02:16:21]} {[%emt 00:00:39]}
c6 {[%clk 01:57:28]} {[%emt 00:01:15]} 6. e3 {[%clk 02:16:15]} {[%emt
00:00:42]} Be7 {[%clk 01:55:28]} {[%emt 00:02:35]} 7. Bd3 {[%clk 02:16:23]}
{[%emt 00:00:26]} Nbd7 {[%clk 01:55:47]} {[%emt 00:00:17]} 8. Qc2 {[%clk
02:15:41]} {[%emt 00:01:16]} O-O {[%clk 01:52:03]} {[%emt 00:04:20]} 9. Nge2
{[%clk 02:12:40]} {[%emt 00:03:36]} Re8 {[%clk 01:52:30]} {[%emt 00:00:07]} 10.
O-O {[%clk 02:11:27]} {[%emt 00:01:48]} Nf8 {[%clk 01:53:00]} {[%emt 00:00:05]}
11. f3 {[%clk 02:11:09]} {[%emt 00:00:53]} Be6 {[%clk 01:48:47]} {[%emt
00:04:49]} 12. Rad1 {[%clk 02:10:09]} {[%emt 00:01:35]} Rc8 {[%clk 01:48:42]}
{[%emt 00:00:40]} 13. h3 {[%clk 02:00:04]} {[%emt 00:10:40]} N6d7 {[%clk
01:34:37]} {[%emt 00:14:39]} 14. Bxe7 {[%clk 01:51:59]} {[%emt 00:08:40]} Qxe7
{[%clk 01:31:37]} {[%emt 00:03:36]} 15. Nf4 {[%clk 01:50:13]} {[%emt 00:02:21]}
Qd6 {[%clk 01:21:51]} {[%emt 00:15:55]} 16. Qf2 {[%clk 01:43:48]} {[%emt
00:01:25]} Nb6 {[%clk 01:19:40]} {[%emt 00:02:46]} 17. Bb1 {[%clk 01:31:28]}
{[%emt 00:12:56]} Rcd8 {[%clk 01:19:16]} {[%emt 00:00:58]} 18. Nd3 {[%clk
01:24:03]} {[%emt 00:08:00]} Bc8 {[%clk 01:18:54]} {[%emt 00:00:57]} 19. b3
{[%clk 01:22:15]} {[%emt 00:02:23]} Re7 {[%clk 01:11:56]} {[%emt 00:07:33]} 20.
Nc5 {[%clk 01:15:12]} {[%emt 00:07:39]} Qf6 {[%clk 01:07:39]} {[%emt 00:04:51]}
21. Qd2 {[%clk 01:06:32]} {[%emt 00:10:51]} Qh6 {[%clk 01:00:02]} {[%emt
00:06:36]} 22. Rfe1 {[%clk 00:58:21]} {[%emt 00:08:46]} Rde8 {[%clk 00:55:14]}
{[%emt 00:05:23]} 23. e4 {[%clk 00:38:22]} {[%emt 00:20:35]} Qxd2 {[%emt
00:00:06]} 24. Rxd2 {[%clk 00:38:52]} {[%emt 00:00:03]} dxe4 {[%clk 00:56:04]}
{[%emt 00:00:15]} 25. fxe4 {[%clk 00:39:15]} {[%emt 00:00:12]} Ne6 {[%clk
00:51:05]} {[%emt 00:05:34]} 26. Nxe6 {[%clk 00:38:57]} {[%emt 00:00:54]} Bxe6
{[%clk 00:51:33]} {[%emt 00:00:07]} 27. Red1 {[%clk 00:39:17]} {[%emt
00:00:14]} Rd8 {[%clk 00:50:47]} {[%emt 00:01:21]} 28. d5 {[%clk 00:31:47]}
{[%emt 00:08:07]} cxd5 {[%clk 00:51:18]} {[%emt 00:00:04]} 29. exd5 {[%clk
00:32:15]} {[%emt 00:00:08]} Bd7 {[%clk 00:49:02]} {[%emt 00:02:50]} 30. Be4
{[%clk 00:22:11]} {[%emt 00:10:40]} Rc8 {[%clk 00:46:03]} {[%emt 00:03:32]} 31.
d6 {[%clk 00:22:06]} {[%emt 00:00:40]} Re5 {[%clk 00:43:24]} {[%emt 00:03:14]}
32. Nd5 {[%clk 00:21:30]} {[%emt 00:01:12]} Rxe4 {[%clk 00:41:15]} {[%emt
00:02:44]} 33. Ne7+ {[%clk 00:21:55]} {[%emt 00:00:10]} Kf8 {[%clk 00:39:51]}
{[%emt 00:01:59]} 34. Nxc8 {[%clk 00:22:20]} {[%emt 00:00:10]} Nxc8 {[%clk
00:40:02]} {[%emt 00:00:23]} 35. Rc1 {[%clk 00:22:50]} {[%emt 00:00:06]} Ke8
{[%clk 00:39:58]} {[%emt 00:00:38]} 36. Kf2 {[%clk 00:21:40]} {[%emt 00:01:46]}
Kd8 {[%clk 00:38:40]} {[%emt 00:01:53]} 37. Rc4 {[%clk 00:18:36]} {[%emt
00:03:39]} Re6 {[%clk 00:36:08]} {[%emt 00:03:05]} 38. Rcd4 {[%clk 00:16:15]}
{[%emt 00:02:57]} Bc6 {[%clk 00:36:00]} {[%emt 00:00:43]} 39. Rg4 {[%clk
00:14:08]} {[%emt 00:02:43]} g6 {[%clk 00:35:27]} {[%emt 00:01:07]} 40. Rf4
{[%clk 00:14:38]} {[%emt 00:00:06]} Nxd6 {[%clk 00:30:19]} {[%emt 00:05:42]}
 0-1

[Event "The Irish Championship 2020"]
[Site "Colaiste Eanna, Dublin, Ireland"]
[Date "2020.08.05"]
[Round "5"]
[Board "3"]
[White "Melaugh, Shane"]
[Black "Delaney, Killian"]
[Result "0-1"]
[WhiteElo "2161"]
[BlackElo "2314"]
[PlyCount "0"]
[EventDate "2020.08.01"]
[EventRounds "9"]
[EventCountry "IRL"]

1. c4 {[%clk 02:10:07]} {[%emt 00:06:03]} e5 {[%clk 02:13:39]} {[%emt
00:02:31]} 2. Nc3 {[%clk 02:10:35]} {[%emt 00:00:07]} Nf6 {[%clk 02:14:07]}
{[%emt 00:00:06]} 3. Nf3 {[%clk 02:10:54]} {[%emt 00:00:18]} e4 {[%clk
02:14:24]} {[%emt 00:00:18]} 4. Nd4 {[%clk 02:07:24]} {[%emt 00:04:05]} c6
{[%clk 01:48:34]} {[%emt 00:26:24]} 5. d3 {[%clk 01:58:45]} {[%emt 00:09:15]}
Bb4 {[%clk 01:42:14]} {[%emt 00:06:54]} 6. Qb3 {[%clk 01:54:21]} {[%emt
00:05:00]} Na6 {[%clk 01:40:17]} {[%emt 00:02:32]} 7. Bd2 {[%clk 01:50:04]}
{[%emt 00:04:52]} exd3 {[%clk 01:36:54]} {[%emt 00:03:57]} 8. exd3 {[%clk
01:49:57]} {[%emt 00:00:43]} O-O {[%clk 01:37:11]} {[%emt 00:00:18]} 9. O-O-O
{[%clk 01:47:14]} {[%emt 00:28:13]} Bc5 {[%clk 01:12:49]} {[%emt 00:00:03]} 10.
Be3 {[%clk 01:36:29]} {[%emt 00:11:20]} Ng4 {[%clk 01:12:29]} {[%emt 00:00:55]}
11. Ne4 {[%clk 01:30:45]} {[%emt 00:06:19]} Nxe3 {[%clk 01:10:59]} {[%emt
00:02:04]} 12. fxe3 {[%clk 01:31:15]} {[%emt 00:00:06]} Bb6 {[%clk 00:59:35]}
{[%emt 00:11:58]} 13. Nc2 {[%clk 01:28:57]} {[%emt 00:02:53]} d5 {[%clk
00:58:04]} {[%emt 00:02:06]} 14. Ng3 {[%clk 01:26:28]} {[%emt 00:03:04]} dxc4
{[%clk 00:48:42]} {[%emt 00:09:57]} 15. Qxc4 {[%clk 01:20:31]} {[%emt
00:11:07]} Be6 {[%clk 00:41:43]} {[%emt 00:02:57]} 16. Qa4 {[%clk 01:21:01]}
{[%emt 00:00:06]} Nc5 {[%clk 00:41:04]} {[%emt 00:01:14]} 17. Qa3 {[%clk
01:21:30]} {[%emt 00:00:06]} a5 {[%clk 00:41:10]} {[%emt 00:00:28]} 18. d4
{[%clk 01:19:42]} {[%emt 00:02:24]} Na6 {[%clk 00:41:22]} {[%emt 00:00:22]} 19.
Bxa6 {[%clk 01:15:14]} {[%emt 00:05:04]} Rxa6 {[%clk 00:41:52]} {[%emt
00:00:05]} 20. e4 {[%clk 01:14:57]} {[%emt 00:00:53]} Bc7 {[%clk 00:40:32]}
{[%emt 00:01:55]} 21. Kb1 {[%clk 01:15:25]} {[%emt 00:00:08]} b5 {[%clk
00:36:59]} {[%emt 00:04:07]} 22. Qf3 {[%clk 01:12:17]} {[%emt 00:03:43]} b4
{[%clk 00:30:24]} {[%emt 00:07:10]} 23. Ne3 {[%clk 01:05:17]} {[%emt 00:07:36]}
Qg5 {[%clk 00:22:19]} {[%emt 00:08:39]} 24. Rhf1 {[%clk 00:55:19]} {[%emt
00:10:35]} a4 {[%clk 00:21:22]} {[%emt 00:01:32]} 25. Nef5 {[%clk 00:53:32]}
{[%emt 00:02:21]} g6 {[%clk 00:19:31]} {[%emt 00:02:27]} 26. h4 {[%clk
00:48:56]} {[%emt 00:05:11]} Qd8 {[%clk 00:20:03]} {[%emt 00:00:03]} 27. d5
{[%clk 00:49:21]} {[%emt 00:00:10]} cxd5 {[%clk 00:20:08]} {[%emt 00:00:29]} 28.
exd5 {[%clk 00:47:21]} {[%emt 00:02:36]} Bxf5+ {[%clk 00:20:23]} {[%emt
00:00:20]} 29. Nxf5 {[%clk 00:47:46]} {[%emt 00:00:10]} gxf5 {[%clk 00:20:44]}
{[%emt 00:00:13]} 30. Qxf5 {[%clk 00:47:55]} {[%emt 00:00:27]} Rg6 {[%clk
00:16:55]} {[%emt 00:04:24]} 31. h5 {[%clk 00:45:58]} {[%emt 00:02:32]} Rg5
{[%clk 00:17:24]} {[%emt 00:00:06]} 32. Qf3 {[%clk 00:46:14]} {[%emt 00:00:20]}
Bd6 {[%clk 00:11:07]} {[%emt 00:06:51]} 33. g4 {[%clk 00:45:40]} {[%emt
00:01:10]} a3 {[%clk 00:11:02]} {[%emt 00:00:40]} 34. Rd2 {[%clk 00:45:51]}
{[%emt 00:00:25]} Qe7 {[%clk 00:09:08]} {[%emt 00:02:28]} 35. Re2 {[%clk
00:45:50]} {[%emt 00:00:37]} Re5 {[%clk 00:09:36]} {[%emt 00:00:06]} 36. Rfe1
{[%clk 00:46:19]} {[%emt 00:00:06]} Rxe2 {[%clk 00:09:39]} {[%emt 00:00:32]} 37.
Rxe2 {[%clk 00:46:51]} {[%emt 00:00:03]} Qg5 {[%clk 00:09:38]} {[%emt
00:00:36]} 38. Rf2 {[%clk 00:45:33]} {[%emt 00:01:53]} axb2 {[%clk 00:08:30]}
{[%emt 00:01:42]} 39. Kxb2 {[%clk 00:44:59]} {[%emt 00:01:10]} Be5+ {[%clk
00:08:37]} {[%emt 00:00:28]} 40. Kb1 {[%clk 00:45:05]} {[%emt 00:00:29]} Bg7
{[%clk 00:09:00]} {[%emt 00:00:12]} 41. Qf5 {[%clk 00:45:21]} {[%emt 00:00:19]}
Qe3 {[%clk 00:09:02]} {[%emt 00:00:31]} 42. d6 {[%clk 00:44:15]} {[%emt
00:01:43]} b3 {[%clk 00:09:19]} {[%emt 00:00:17]} 43. axb3 {[%clk 00:43:28]}
{[%emt 00:01:23]} Qxb3+ {[%clk 00:09:12]} {[%emt 00:00:41]} 44. Kc1 {[%clk
00:43:58]} {[%emt 00:00:06]} Re8 {[%clk 00:06:22]} {[%emt 00:03:24]} 45. Qf3
{[%clk 00:41:52]} {[%emt 00:02:41]} Rc8+ {[%clk 00:05:52]} {[%emt 00:01:04]}
 0-1

[Event "The Irish Championship 2020"]
[Site "Colaiste Eanna, Dublin, Ireland"]
[Date "2020.08.05"]
[Round "5"]
[Board "4"]
[White "Murray, David"]
[Black "Kanyamarala, Trisha"]
[Result "1-0"]
[WhiteElo "2152"]
[BlackElo "2193"]
[PlyCount "0"]
[EventDate "2020.08.01"]
[EventRounds "9"]
[EventCountry "IRL"]

1. e4 {[%clk 02:16:01]} {[%emt 00:00:07]} c5 {[%clk 02:15:49]} {[%emt
00:00:21]} 2. Nf3 {[%clk 02:16:29]} {[%emt 00:00:08]} d6 {[%clk 02:16:14]}
{[%emt 00:00:10]} 3. d4 {[%clk 02:16:44]} {[%emt 00:00:20]} cxd4 {[%clk
02:16:34]} {[%emt 00:00:15]} 4. Nxd4 {[%clk 02:17:11]} {[%emt 00:00:07]} Nf6
{[%clk 02:17:01]} {[%emt 00:00:08]} 5. f3 {[%clk 02:17:32]} {[%emt 00:00:14]}
e5 {[%clk 02:16:56]} {[%emt 00:00:40]} 6. Nb3 {[%clk 02:17:54]} {[%emt
00:00:13]} Nc6 {[%clk 02:11:43]} {[%emt 00:05:49]} 7. c4 {[%clk 02:17:16]}
{[%emt 00:01:13]} Be6 {[%clk 02:09:34]} {[%emt 00:02:43]} 8. Nc3 {[%clk
02:15:47]} {[%emt 00:02:05]} Be7 {[%clk 02:07:24]} {[%emt 00:02:44]} 9. Be3
{[%clk 02:14:36]} {[%emt 00:01:46]} O-O {[%clk 01:57:06]} {[%emt 00:10:54]} 10.
Nd5 {[%clk 02:11:01]} {[%emt 00:04:10]} Nd7 {[%clk 01:53:46]} {[%emt 00:03:55]}
11. Qd2 {[%clk 02:01:19]} {[%emt 00:10:17]} Nc5 {[%clk 01:49:25]} {[%emt
00:04:55]} 12. Be2 {[%clk 01:55:57]} {[%emt 00:05:57]} a5 {[%clk 01:41:59]}
{[%emt 00:08:01]} 13. O-O {[%clk 01:50:27]} {[%emt 00:06:06]} a4 {[%clk
01:36:16]} {[%emt 00:06:18]} 14. Nc1 {[%clk 01:47:23]} {[%emt 00:03:38]} f5
{[%clk 01:23:01]} {[%emt 00:18:50]} 15. exf5 {[%clk 01:41:54]} {[%emt
00:01:05]} Bxf5 {[%clk 01:08:11]} {[%emt 00:15:25]} 16. Bd3 {[%clk 01:40:33]}
{[%emt 00:01:56]} Bxd3 {[%clk 01:01:30]} {[%emt 00:07:16]} 17. Nxd3 {[%clk
01:40:36]} {[%emt 00:00:32]} Ne6 {[%clk 01:00:30]} {[%emt 00:01:35]} 18. Nc1
{[%clk 01:35:15]} {[%emt 00:05:56]} Bg5 {[%clk 00:47:47]} {[%emt 00:13:16]} 19.
Bxg5 {[%clk 01:32:24]} {[%emt 00:03:27]} Nxg5 {[%clk 00:47:32]} {[%emt
00:00:50]} 20. Ne2 {[%clk 01:29:33]} {[%emt 00:09:01]} Ne6 {[%clk 00:46:04]} 21.
Nec3 {[%emt 00:01:35]} Ned4 {[%clk 00:40:58]} {[%emt 00:02:47]} 22. Kh1 {[%clk
01:25:58]} {[%emt 00:02:32]} h6 {[%clk 00:36:56]} {[%emt 00:04:37]} 23. Rae1
{[%clk 01:23:05]} {[%emt 00:03:29]} Rf5 {[%clk 00:34:41]} {[%emt 00:02:50]} 24.
Qd1 {[%clk 01:19:25]} {[%emt 00:04:14]} a3 {[%clk 00:31:46]} {[%emt 00:03:32]}
25. b3 {[%clk 01:17:02]} {[%emt 00:02:58]} Qf8 {[%clk 00:25:45]} {[%emt
00:06:36]} 26. Qd3 {[%clk 01:14:04]} {[%emt 00:03:33]} Re8 {[%clk 00:22:53]}
{[%emt 00:03:27]} 27. Nb1 {[%clk 01:07:07]} {[%emt 00:07:32]} Ra8 {[%clk
00:15:15]} {[%emt 00:08:14]} 28. Re4 {[%clk 01:04:13]} {[%emt 00:03:29]} Nd8
{[%clk 00:13:57]} {[%emt 00:01:53]} 29. Rxd4 {[%clk 01:01:33]} {[%emt
00:03:15]} exd4 {[%clk 00:14:18]} {[%emt 00:00:14]} 30. Qxf5 {[%clk 01:01:46]}
{[%emt 00:00:21]} Qe8 {[%clk 00:14:16]} {[%emt 00:00:38]} 31. Qd3 {[%clk
01:01:00]} {[%emt 00:01:21]} Rc8 {[%clk 00:14:25]} {[%emt 00:00:27]} 32. Nd2
{[%clk 01:00:08]} {[%emt 00:01:26]} Nc6 {[%clk 00:14:47]} {[%emt 00:00:14]} 33.
Qe4 {[%clk 00:59:31]} {[%emt 00:01:12]} Qf7 {[%clk 00:15:14]} {[%emt 00:00:08]}
34. Re1 {[%clk 00:59:10]} {[%emt 00:00:55]} Kh8 {[%clk 00:15:41]} {[%emt
00:00:09]} 35. Qe6 {[%clk 00:57:26]} {[%emt 00:02:18]} Qf8 {[%clk 00:16:10]}
{[%emt 00:00:07]} 36. Ne7 {[%clk 00:56:35]} {[%emt 00:01:26]} Nxe7 {[%clk
00:16:39]} {[%emt 00:00:06]} 37. Qxe7 {[%clk 00:57:04]} {[%emt 00:00:06]} Qf4
{[%clk 00:17:09]} {[%emt 00:00:05]} 38. Qe2 {[%clk 00:56:22]} {[%emt 00:01:17]}
b5 {[%clk 00:17:29]} {[%emt 00:00:16]} 39. g3 {[%clk 00:54:48]} {[%emt
00:02:08]} Qg5 {[%clk 00:17:27]} {[%emt 00:00:36]} 40. cxb5 {[%clk 00:54:31]}
{[%emt 00:00:53]} Rb8 {[%clk 00:16:38]} {[%emt 00:01:25]} 41. Qd3 {[%clk
00:53:46]} {[%emt 00:01:19]} Qc5 {[%clk 00:17:00]} {[%emt 00:00:12]} 42. Ne4
{[%clk 00:50:28]} {[%emt 00:03:54]} Qb4 {[%clk 00:17:10]} {[%emt 00:00:26]} 43.
Rd1 {[%clk 00:49:55]} {[%emt 00:01:09]} d5 {[%clk 00:17:39]} {[%emt 00:00:06]}
44. Nf2 {[%clk 00:49:21]} {[%emt 00:01:08]} Rxb5 {[%clk 00:17:40]} {[%emt
00:00:34]} 45. Qxd4 {[%clk 00:49:14]} {[%emt 00:00:42]} Qe7 {[%clk 00:18:06]}
{[%emt 00:00:08]} 46. Qd3 {[%clk 00:48:46]} {[%emt 00:01:05]} Qe8 {[%clk
00:18:16]} {[%emt 00:00:24]} 47. Rc1 {[%clk 00:48:02]} {[%emt 00:01:19]} Rb8
{[%clk 00:18:10]} {[%emt 00:00:41]} 48. Qd2 {[%clk 00:46:40]} {[%emt 00:01:56]}
Qh5 {[%clk 00:17:25]} {[%emt 00:01:20]} 49. Kg2 {[%clk 00:46:50]} {[%emt
00:00:25]} Rf8 {[%clk 00:17:41]} {[%emt 00:00:19]} 50. Qd3 {[%clk 00:45:57]}
{[%emt 00:01:28]} Qe5 {[%clk 00:17:49]} {[%emt 00:00:27]} 51. Rc2 {[%clk
00:44:41]} {[%emt 00:01:52]} Re8 {[%clk 00:17:50]} {[%emt 00:00:34]} 52. Rd2
{[%clk 00:44:05]} {[%emt 00:01:11]} Qa1 {[%clk 00:17:11]} {[%emt 00:01:14]} 53.
Qxd5 {[%clk 00:43:12]} {[%emt 00:01:28]} Re1 {[%clk 00:17:19]} {[%emt
00:00:27]} 54. Qd8+ {[%clk 00:43:20]} {[%emt 00:00:27]} Kh7 {[%clk 00:17:46]}
{[%emt 00:00:07]} 55. Qd3+ {[%clk 00:43:45]} {[%emt 00:00:10]} Kh8 {[%clk
00:18:13]} {[%emt 00:00:09]} 56. Rc2 {[%clk 00:39:28]} {[%emt 00:04:53]}  1-0

[Event "The Irish Championship 2020"]
[Site "Colaiste Eanna, Dublin, Ireland"]
[Date "2020.08.05"]
[Round "5"]
[Board "5"]
[White "Wallace, Paul"]
[Black "Venkatesan, Kavin"]
[Result "1/2-1/2"]
[WhiteElo "2168"]
[BlackElo "1946"]
[PlyCount "0"]
[EventDate "2020.08.01"]
[EventRounds "9"]
[EventCountry "IRL"]

1. e4 {[%clk 02:16:05]} {[%emt 00:00:04]} c5 {[%clk 02:16:04]} {[%emt
00:00:07]} 2. Nf3 {[%clk 02:16:35]} {[%emt 00:00:05]} d6 {[%clk 02:16:34]}
{[%emt 00:00:06]} 3. d4 {[%clk 02:17:04]} {[%emt 00:00:04]} cxd4 {[%clk
02:17:04]} {[%emt 00:00:06]} 4. Nxd4 {[%clk 02:17:34]} {[%emt 00:00:05]} Nf6
{[%clk 02:17:33]} {[%emt 00:00:07]} 5. Nc3 {[%clk 02:18:04]} {[%emt 00:00:05]}
a6 {[%clk 02:18:02]} {[%emt 00:00:06]} 6. Bc4 {[%clk 02:18:14]} {[%emt
00:00:24]} Nbd7 {[%clk 02:16:44]} {[%emt 00:01:54]} 7. O-O {[%clk 02:11:25]}
{[%emt 00:07:24]} Qc7 {[%clk 02:08:42]} {[%emt 00:08:38]} 8. Bb3 {[%clk
02:11:51]} {[%emt 00:00:10]} Nc5 {[%clk 02:02:32]} {[%emt 00:06:45]} 9. Nd5
{[%clk 02:08:54]} {[%emt 00:03:31]} Nxd5 {[%clk 02:02:18]} {[%emt 00:00:49]} 10.
exd5 {[%clk 02:09:23]} {[%emt 00:00:06]} g6 {[%clk 01:55:31]} {[%emt 00:07:23]}
11. Re1 {[%clk 02:07:38]} {[%emt 00:02:19]} Bg7 {[%clk 01:52:22]} {[%emt
00:03:44]} 12. Bg5 {[%clk 02:07:45]} {[%emt 00:00:28]} f6 {[%clk 01:52:19]}
{[%emt 00:00:39]} 13. Bf4 {[%clk 02:02:13]} {[%emt 00:06:06]} O-O {[%clk
01:49:48]} {[%emt 00:03:06]} 14. c4 {[%clk 02:00:02]} {[%emt 00:02:45]} Re8
{[%clk 01:42:39]} {[%emt 00:07:45]} 15. Bc2 {[%clk 01:53:30]} {[%emt 00:07:07]}
a5 {[%clk 01:23:03]} {[%emt 00:30:12]} 16. b3 {[%clk 01:43:33]} {[%emt
00:00:31]} Bd7 {[%clk 01:16:09]} {[%emt 00:07:28]} 17. Qd2 {[%clk 01:41:11]}
{[%emt 00:02:56]} Rad8 {[%clk 01:11:19]} {[%emt 00:05:26]} 18. Rad1 {[%clk
01:41:08]} {[%emt 00:00:38]} Qb6 {[%clk 01:01:46]} {[%emt 00:10:08]} 19. a3
{[%clk 01:34:32]} {[%emt 00:07:12]} Na6 {[%clk 00:47:30]} {[%emt 00:14:50]} 20.
Be3 {[%clk 01:26:59]} {[%emt 00:11:09]} Qc7 {[%clk 00:45:11]} 21. Nb5 {[%clk
01:18:37]} {[%emt 00:08:50]} Bxb5 {[%clk 00:42:36]} {[%emt 00:03:10]} 22. cxb5
{[%clk 01:19:07]} {[%emt 00:00:05]} Nc5 {[%clk 00:34:44]} {[%emt 00:08:28]} 23.
Rc1 {[%clk 01:19:01]} {[%emt 00:00:41]} Qb8 {[%clk 00:32:56]} {[%emt 00:02:22]}
24. Qxa5 {[%clk 01:17:02]} {[%emt 00:02:33]} b6 {[%clk 00:32:21]} {[%emt
00:01:11]} 25. Qd2 {[%clk 01:15:26]} {[%emt 00:02:11]} Nd7 {[%clk 00:28:11]}
{[%emt 00:04:45]} 26. b4 {[%clk 01:12:40]} {[%emt 00:03:21]} Rc8 {[%clk
00:27:05]} {[%emt 00:01:42]} 27. Bb3 {[%clk 01:12:33]} {[%emt 00:00:41]} Rxc1
{[%clk 00:25:26]} {[%emt 00:02:15]} 28. Rxc1 {[%clk 01:12:42]} {[%emt
00:00:26]} Rc8 {[%clk 00:25:21]} {[%emt 00:00:40]} 29. Rc6 {[%clk 01:09:29]}
{[%emt 00:03:47]} f5 {[%clk 00:22:35]} {[%emt 00:03:22]} 30. Qc2 {[%clk
01:07:31]} {[%emt 00:02:34]} Rf8 {[%clk 00:19:18]} {[%emt 00:03:53]} 31. f4
{[%clk 01:07:11]} {[%emt 00:00:54]} g5 {[%clk 00:13:20]} {[%emt 00:06:34]} 32.
g3 {[%clk 00:57:24]} {[%emt 00:10:21]} gxf4 {[%clk 00:13:20]} {[%emt 00:00:35]}
33. gxf4 {[%clk 00:57:49]} {[%emt 00:00:10]} Qe8 {[%clk 00:09:11]} {[%emt
00:04:44]} 34. Rc7 {[%clk 00:54:36]} {[%emt 00:03:48]} Kh8 {[%clk 00:06:55]}
{[%emt 00:02:50]} 35. Kf1 {[%clk 00:37:00]} {[%emt 00:18:10]} Nf6 {[%clk
00:05:01]} {[%emt 00:02:30]} 36. Qxf5 {[%clk 00:36:00]} {[%emt 00:01:35]} Nh5
{[%clk 00:02:58]} {[%emt 00:02:38]} 37. Qe4 {[%clk 00:34:53]} {[%emt 00:01:41]}
Be5 {[%clk 00:02:38]} {[%emt 00:00:56]} 38. Ke1 {[%clk 00:27:18]} {[%emt
00:08:10]} Nxf4 {[%clk 00:02:40]} {[%emt 00:00:33]}  1/2-1/2